| 000 | 00897cam a2200277 a 4500 | ||
|---|---|---|---|
| 005 | 20240311095515.0 | ||
| 008 | |||
| 020 | _a9781437727463 (paperback) | ||
| 040 |
_aNUST _cNUST |
||
| 049 | _aMAIN | ||
| 090 |
_aRT41 _bDEW |
||
| 100 | 1 |
_aDeWit, Susan C. _aauthor |
|
| 245 | 1 | 0 |
_aFundamental concepts and skills for nursing / _cSusan C. deWit [and] Patricia O'Neill. |
| 250 | _aFourth edition. | ||
| 260 |
_aSt. Louis, Missouri : _bElsevier, _cc2014. |
||
| 300 |
_axxii, 933 pages : _billustrations ; _c28 cm. |
||
| 336 |
_atext _btxt _2rdacontent |
||
| 337 |
_aunmediated _2rdamedia |
||
| 338 |
_avolume _2rdacarrier |
||
| 500 | _aIncludes index. | ||
| 504 | _aIncludes bibliographical references | ||
| 650 | 2 | 2 | _aNursing Care. |
| 700 | 1 |
_aO'Neill, Patricia A _aauthor |
|
| 907 |
_a.b10398764 _b01-03-22 _c21-01-20 |
||
| 942 |
_cBOOKS _kRT41 _mDEW |
||
| 999 |
_c119972 _d119972 |
||